000 00917nas a2200301 4500
001 BR9209956
003 BR-BrBNA
005 20231205095112.0
007 ta
008 230509b bl.|||p| |||| 00| 00por d
040 _aBR-BrBNA
_bpor
_cBiblioteca Nacional de Agricultura
041 _a(Pt)
072 _aH10
100 1 _aSuplicy Filho, N.
100 1 _aSampaio, A.S.
100 1 _aMyazaki, I.
100 1 _aBitran, E.A.
100 1 _aOliveira, D.A.
100 1 _aVeiga, A.A.
245 1 _aEstudo de fatores determinantes do grau de suscetibilidade ao parasitismo por "moscas das frutas" Anastrepha spp., em cinco variedades de goiaba
650 _aGoiaba
650 _aMosca das Frutas
650 _aVariedade
650 _aClima
773 0 _tBiologico (Brazil)
_xISSN 0366-0567
_g(Aug 1984), v. 50(8) p. 169-176
_wBR9209956
909 _a202311
_bLúcia
_c55
_dLúcia Elande
942 _2AGRIS
_n0
_cANA
999 _c148713
_d148713